|
|
|
|
| LEADER |
00633nam a22002057a 4500 |
| 003 |
OSt |
| 005 |
20200624134639.0 |
| 008 |
160518b xxu||||| |||| 00| 0 mal d |
| 041 |
|
|
|a mal
|
| 041 |
|
|
|a mal
|
| 082 |
|
|
|a 850.9 VIJ/B
|
| 100 |
|
|
|a Vijayan, K. P.
|
| 245 |
|
|
|a Brahmin communisavum mattu padanagalum/
|c K. P. Vijayan
|
| 260 |
|
|
|a Kottayam:
|b Current Books,
|c 2002
|
| 300 |
|
|
|a 157p.
|
| 546 |
|
|
|a In Malayalam
|
| 546 |
|
|
|a In Malayalam
|
| 942 |
|
|
|2 ddc
|c BK
|
| 999 |
|
|
|c 329282
|d 329282
|
| 952 |
|
|
|0 0
|1 0
|2 ddc
|4 0
|6 850_900000000000000_VIJ_B
|7 0
|9 375875
|a CSC
|b CSC
|c ST1
|d 2016-05-18
|i 11541
|l 0
|o 850.9 VIJ/B
|p CSC11541
|r 2016-05-18
|w 2016-05-18
|y BK
|